000 00331nam a22001457a 4500
008 211013b ||||| |||| 00| 0 eng d
020 _a2800813331104
041 _aeng
080 _a159.9
082 _a159.9
100 _a48
101 _aPSI
245 _aSelfhood Identity, Esteem, Regulation
_cHoyle,R.H
942 _2udc
_cBK
999 _c58207
_d58207